000 00924ncm a2200385 c 4500
001 5330405
003 DO-SdBNP
005 20180220155158.0
007 5330405
008 130227s1923 sp a nn spa
015 _a
017 _a
_b
020 _a8434820471
035 _a
040 _aBPMSU
_bspa
_cBPMSU
_e
084 _a
_2
100 1 _a El precipicio
245 0 3 _aEl precipicio /
_cJan Terlouw ; ilustraciones Antonio Tello
250 _a6a. ed.
260 _aMadrid :
_b Ediciones SM,
_c 1993
300 _a 213 p. :
_c 21 cm.
336 _a
_2
337 _asin mediación
_2isbdmedia
490 _aEl barco de vapor
_v36
500 _a
650 7 _a
_2
700 1 _a Tello, Antonio
_eil.
700 1 _a
700 1 _a
700 1 _a
830 _aEl barco de vapor
_v36
942 _2ddc
_cBK
945 _aInventariado, 2018/ YL
956 _aVMATEO
_210
_320160412
999 _c9702
_d9702